| 000 | 00416nam a2200181Ia 4500 | ||
|---|---|---|---|
| 001 | 3070 | ||
| 005 | 20260306144853.0 | ||
| 008 | 260306t1997||||xx |||||||||||||| ||spa|| | ||
| 041 | _aESP | ||
| 082 |
_a248.845 _bZ46 |
||
| 100 |
_aZezinho, P. _eAUT |
||
| 245 | 0 | _aEduque a sus hijos para Dios | |
| 260 | _c1997 | ||
| 300 |
_a124 páginas : _c18 cm. |
||
| 650 | _aGEN | ||
| 654 | _aCHU | ||
| 942 |
_cLIB _dJUS _fJUS _2ddc _n |
||
| 999 |
_c3070 _d3070 |
||